Ciencias sociales 5 :. (Registro nro. 46706)
[ vista simple ]
| 000 -CABECERA | |
|---|---|
| campo de control de longitud fija | 00269nam a2200109 a 4500 |
| 005 - FECHA Y HORA DE LA ÚLTIMA TRANSACCIÓN | |
| campo de control | 20201002053445.0 |
| 008 - DATOS DE LONGITUD FIJA--INFORMACIÓN GENERAL | |
| campo de control de longitud fija | 180424s2017 000 spa d |
| 020 ## - NÚMERO INTERNACIONAL ESTÁNDAR DEL LIBRO | |
| Número Internacional Estándar del Libro | 9789945194906 |
| 040 ## - FUENTE DE LA CATALOGACIÓN | |
| Centro catalogador/agencia de origen | DO-SdBNP |
| 245 #0 - MENCIÓN DE TÍTULO | |
| Título | Ciencias sociales 5 :. |
| 260 ## - PUBLICACIÓN, DISTRIBUCIÓN, ETC. | |
| Lugar de publicación, distribución, etc. | Santo Domingo, |
| Fecha de publicación, distribución, etc. | 2017. |
No hay ítems disponibles.
